Online
Catalog

Matemática : (Record no. 45824)

MARC details
000 -CABECERA
campo de control de longitud fija 02851nam a2200277 a 4500
001 - NÚMERO DE CONTROL
campo de control 000046335
005 - FECHA Y HORA DE LA ÚLTIMA TRANSACCIÓN
campo de control 20201002052810.0
008 - DATOS DE LONGITUD FIJA--INFORMACIÓN GENERAL
campo de control de longitud fija 150724s1999 dr ab 000 0 spa d
040 ## - FUENTE DE LA CATALOGACIÓN
Centro catalogador/agencia de origen DO-SdBNP
Lengua de catalogación spa
Centro/agencia transcriptor BNPHU
082 ## - NÚMERO DE LA CLASIFICACIÓN DECIMAL DEWEY
Número de clasificación xxxx
Número de documento/Ítem xxxx
100 1# - ENTRADA PRINCIPAL--NOMBRE DE PERSONA
Nombre de persona González, Sarah
9 (RLIN) 29274
245 10 - MENCIÓN DE TÍTULO
Título Matemática :
Resto del título octavo grado /
Mención de responsabilidad, etc. Sarah González, Dulce Rodríguez, Eduardo Luna ; coordinación, diagramación Yissel Casado... [et. al.].
260 ## - PUBLICACIÓN, DISTRIBUCIÓN, ETC.
Lugar de publicación, distribución, etc. Santo Domingo :
Nombre del editor, distribuidor, etc. Secretaría de Estado de educación y Cultura,
Fecha de publicación, distribución, etc. 1999.
300 ## - DESCRIPCIÓN FÍSICA
Extensión 261 p. :
Otras características físicas il., mapas ;
Dimensiones 28 cm.
490 1# - MENCIÓN DE SERIE
Mención de serie Explora la matemática
505 0# - NOTA DE CONTENIDO CON FORMATO
Información miscelánea v. 8
Título Los números racionales --
-- Números racionales decimales terminales --
-- Números racionales. Decimales periódicos --
-- Expresando números racionales en forma decimal y como fracción común --
-- Números irracionales (1) --
-- Números irracionales (2) --
-- Números reales --
-- Orden de los números resles --
-- Valor absoluto de número reales --
-- Propiedades de los número reales --
-- Determinando raíces de número reales --
-- Multiplicando y dividiendo racionales --
-- Sumando y restando números reales --
-- Repaso --
-- Leyendo y escribiendo expresiones matemáticas --
-- Evaluando expresiones matemáticas --
-- Ecuaciones --
-- Resolviendo ecuaciones (1) --
-- Resolviendo ecuaciones (2) --
-- Aplicando las ecuaciones --
-- Inecuaciones --
-- Construyendo figuras en el plano cartesiano --
-- Línea de simetría --
-- Transformaciones geométricas --
-- Embadolsando el plano --
-- Mosaicos --
-- Mosaicos estilo M. C. Esther --
-- Concepto de fractal --
-- Repaso --
-- Área de la superficie de un cilindro --
-- Área de la superficie del cono --
-- Volumen de un cilindro --
-- Volumen de un cono --
-- Superficie y volumen de una esfera --
-- Repaso --
-- Recolectando y organizando datos --
-- Población y muestra --
-- Construyendo tablas de distribución de frecuencias --
-- Histograma --
-- Construyendo e interpretando polígonos de frecuencia --
-- Interpretando y construyendo gráficos circulares --
-- Interpretando y construyendo gráficos de tallos y hojas --
-- Construyendo e interpretando gráficos de cajas con bigotes --
-- Utilizando incorrecta de la estadística --
-- Repaso --
-- Probabilidad teórica --
-- Diagrama de árbol --
-- Probabilidad experimental --
-- Simulación --
-- Usando tablas de números aleatorios --
-- Resolviendo problemas --
-- Experimentos con etapas múltiples (1) --
-- Experimentos con etapas múltiples (2) --
-- Valor esperado --
-- Repaso
700 12 - PUNTO DE ACCESO ADICIONAL--NOMBRE DE PERSONA
Nombre de persona Casado, Yissel,
Término indicativo de función/relación coord.
9 (RLIN) 43308
700 12 - PUNTO DE ACCESO ADICIONAL--NOMBRE DE PERSONA
Nombre de persona Valdez, Elizabeth,
Término indicativo de función/relación coord.
9 (RLIN) 58657
700 12 - PUNTO DE ACCESO ADICIONAL--NOMBRE DE PERSONA
Nombre de persona Báez Hermes,
Término indicativo de función/relación coord.
9 (RLIN) 74359
700 12 - PUNTO DE ACCESO ADICIONAL--NOMBRE DE PERSONA
Nombre de persona Cedano, Benjamín,
Término indicativo de función/relación coord.
9 (RLIN) 74360
700 12 - PUNTO DE ACCESO ADICIONAL--NOMBRE DE PERSONA
Nombre de persona Martínez, Niurka,
Término indicativo de función/relación coord.
9 (RLIN) 74361
700 12 - PUNTO DE ACCESO ADICIONAL--NOMBRE DE PERSONA
Nombre de persona González, Sandra,
Término indicativo de función/relación coord.
9 (RLIN) 74362
700 12 - PUNTO DE ACCESO ADICIONAL--NOMBRE DE PERSONA
Nombre de persona Rodríguez, Dulce
9 (RLIN) 29598
700 12 - PUNTO DE ACCESO ADICIONAL--NOMBRE DE PERSONA
Nombre de persona Luna, Eduardo
9 (RLIN) 25917
830 #0 - PUNTO DE ACCESO ADICIONAL DE SERIE-TÍTULO UNIFORME
Título uniforme Explora la matemática
9 (RLIN) 74363
Holdings
Estado de retiro Estado de pérdida No para préstamo Código de colección Localización permanente Ubicación/localización actual Ubicación en estantería Fecha de adquisición Número de inventario Total de préstamos Signatura topográfica completa Código de barras Fecha visto por última vez Precio válido a partir de Tipo de ítem Koha
      Patrimonio Dominicano Patrimonio Dominicano Patrimonio Dominicano Orden iniciada 24.07.2015 LF1   xxxx xxxx 46335-10 25.06.2020 25.06.2020 Libro y Folleto Colección Patrimonio Dominicano

Powered by Koha